| 000 | 00924cam a22002411 4500 | ||
|---|---|---|---|
| 001 | sg 32000073 | ||
| 003 | DLC | ||
| 005 | 20260227112740.0 | ||
| 008 | 810920s1932 xx a 000 0 eng | ||
| 010 | _asg 32000073 | ||
| 035 | _a(OCoLC)14727342 | ||
| 040 |
_aDLC _cDNLM _dDLC |
||
| 042 | _apremarc | ||
| 050 | 0 | 0 |
_aRC179.E3 _bW3 |
| 060 | 0 |
_aW1 _bCA1596 no.3 1932 |
|
| 100 | 1 | _aWakīl, ʻAbd al-Wāḥid. | |
| 245 | 1 | 4 |
_aThe third pandemic of plague in Egypt; _bhistorical, statistical and epidemiological remarks on the first thirty two years of its prevalence, _cby A. W. Wakil ... |
| 260 |
_aCairo, _bPublished by the Egyptian University, _c1932. |
||
| 300 |
_a6 p. l., 5-169 p., 1 l. _bill. |
||
| 490 | 1 |
_aThe Egyptian university. The Faculty of medicine. Publication _vno. 3 |
|
| 504 | _a"References": p. 167-169. | ||
| 810 | 1 |
_aCairo (Egypt). _bEgyptian University. _bFaculty of Medicine. _tPublication ; _vno. 3. |
|
| 999 |
_c90241 _d90241 |
||